[Event "1. OEsterreichische Internet Schach Meisterschaft - Vorrunde 3"]
[Site "Online - Playchess.com"]
[Date ""]
[Round "8"]
[Board "62"]
[White "Lager, Johannes"]
[Black "Mayrhuber, Nikola"]
[Result "0-1"]
[WhiteElo "1611"]
[BlackElo "2025"]
[PlyCount "178"]
[EventDate "2020.04.17"]
[EventRounds "9"]
[EventCountry "AUT"]

1. e4 e6 2. d4 d5 3. exd5 exd5 4. Bd3 c5 5. dxc5 Bxc5 6. Nf3 Nf6 7. O-O O-O 8. Bg5
Bg4 9. Nbd2 h6 10. Bh4 Nc6 11. c3 Re8 12. Qc2 a6 13. Rfe1 Qd6 14. Bg3 Qf8 15. Bf5
Bd6 16. Bxg4 Nxg4 17. Nb3 Bxg3 18. hxg3 Re6 19. Nbd4 Rf6 20. Rf1 Qd6 21. Qb3 Na5
22. Qc2 Nc4 23. Nd2 Nce5 24. N2f3 Nc4 25. Rad1 Re8 26. Qb3 Na5 27. Qc2 Qb6 28. Nh2
Nxh2 29. Kxh2 Nc4 30. Qb3 Nxb2 31. Qxb6 Rxb6 32. Rb1 Nc4 33. Rxb6 Nxb6 34. Rd1 Na4
35. Rd3 Rc8 36. Ne2 Rc5 37. g4 b5 38. Kg3 f6 39. f3 Kf7 40. Kf4 Rc4+ 41. Kg3 Ke6
42. Nd4+ Kf7 43. Ne2 Rc5 44. f4 a5 45. Kf3 b4 46. cxb4 axb4 47. Nd4 Nc3 48. Nc2 Nxa2
49. Ne1 Nc3 50. Nc2 Rb5 51. Nxb4 Rxb4 52. Rxc3 Rb6 53. Rc7+ Ke6 54. Rc3 Rd6 55. Re3+
Kf7 56. f5 g6 57. Rb3 gxf5 58. gxf5 h5 59. g4 hxg4+ 60. Kxg4 d4 61. Rb7+ Ke8 62.
Kf4 Kd8 63. Ke4 Kc8 64. Ra7 Kb8 65. Ra3 Kc7 66. Rd3 Kc6 67. Rxd4 Rxd4+ 68. Kxd4 Kd6
69. Ke4 Kc5 70. Kd3 Kd5 71. Ke3 Ke5 72. Kf3 Kxf5 73. Kg3 Ke4 74. Kf2 Kf4 75. Ke1
Kf3 76. Kf1 f5 77. Ke1 Kg2 78. Ke2 f4 79. Ke1 f3 80. Kd2 f2 81. Ke3 f1=Q 82. Ke4
Qc4+ 83. Ke5 Kf3 84. Kf6 Qd5 85. Ke7 Kf4 86. Ke8 Qb7 87. Kf8 Kf5 88. Kg8 Kg6 89.
Kh8 Qh7#  0-1

[Event "1. OEsterreichische Internet Schach Meisterschaft - Vorrunde 3"]
[Site "Online - Playchess.com"]
[Date ""]
[Round "8"]
[Board "63"]
[White "Marakovits, Nico"]
[Black "Virag, Herbert"]
[Result "1-0"]
[WhiteElo "2105"]
[BlackElo "1776"]
[PlyCount "95"]
[EventDate "2020.04.17"]
[EventRounds "9"]
[EventCountry "AUT"]

1. d4 d5 2. c4 Nc6 3. Nf3 e5 4. cxd5 Qxd5 5. Nc3 Bb4 6. dxe5 Qxd1+ 7. Kxd1 Bg4 8.
Bf4 O-O-O+ 9. Ke1 Nge7 10. e3 Ng6 11. Bb5 Bxf3 12. gxf3 Ngxe5 13. Bxc6 Nxc6 14. Ke2
Bxc3 15. bxc3 Rd7 16. Rhg1 f6 17. Rad1 Rhd8 18. Rxd7 Rxd7 19. h4 Na5 20. h5 Nc4 21.
Rd1 Rxd1 22. Kxd1 Kd7 23. Kc2 c6 24. Kd3 b5 25. Bb8 a5 26. Bf4 a4 27. Bg3 Ke6 28.
Kd4 Kd7 29. e4 Nd2 30. f4 Nf3+ 31. Ke3 Ne1 32. Ke2 Nc2 33. Kd2 Na3 34. f5 c5 35.
Kd3 Kc6 36. Bf4 Nc4 37. Bc1 Nd6 38. f4 b4 39. cxb4 cxb4 40. Bd2 Kb5 41. Kd4 Nc4 42.
Bc1 b3 43. axb3 axb3 44. e5 fxe5+ 45. fxe5 Nxe5 46. Kxe5 Kc4 47. Ke6 Kd4 48. h6  1-0

[Event "1. OEsterreichische Internet Schach Meisterschaft - Vorrunde 3"]
[Site "Online - Playchess.com"]
[Date ""]
[Round "8"]
[Board "64"]
[White "Pedevilla, Luis"]
[Black "Hessenberger, Andreas"]
[Result "1/2-1/2"]
[WhiteElo "1650"]
[BlackElo "2019"]
[PlyCount "71"]
[EventDate "2020.04.17"]
[EventRounds "9"]
[EventCountry "AUT"]

1. e4 c5 2. Nc3 Nc6 3. f4 d6 4. Bb5 Bd7 5. Bxc6 Bxc6 6. d3 e6 7. Nf3 Be7 8. O-O Nf6
9. Qe1 Nd7 10. Qg3 O-O 11. f5 exf5 12. exf5 Bf6 13. Ng5 h6 14. Nge4 Bd4+ 15. Kh1
Bf6 16. Bxh6 Qe7 17. Bf4 d5 18. Ng5 Bxg5 19. Bxg5 f6 20. Bf4 Ne5 21. Rae1 Rae8 22.
Re2 d4 23. Nd1 Qf7 24. Bxe5 fxe5 25. Rxe5 Rxe5 26. Qxe5 Qh5 27. Qxc5 Qe2 28. Rg1
Bxg2+ 29. Rxg2 Qxd1+ 30. Rg1 Qf3+ 31. Rg2 Rxf5 32. Qxd4 Qd1+ 33. Rg1 Qf3+ 34. Rg2
Qf1+ 35. Rg1 Qf3+ 36. Rg2  1/2-1/2

[Event "1. OEsterreichische Internet Schach Meisterschaft - Vorrunde 3"]
[Site "Online - Playchess.com"]
[Date ""]
[Round "8"]
[Board "65"]
[White "Bachner, Karsten"]
[Black "Redhammer, Markus"]
[Result "1-0"]
[WhiteElo "1997"]
[BlackElo "1911"]
[PlyCount "49"]
[EventDate "2020.04.17"]
[EventRounds "9"]
[EventCountry "AUT"]

1. e4 d6 2. d4 g6 3. Nc3 Bg7 4. Be3 Nf6 5. f3 O-O 6. Nge2 Nc6 7. Qd2 e5 8. g4 a6
9. O-O-O b5 10. h4 h5 11. gxh5 Nxh5 12. Kb1 b4 13. Nd5 a5 14. Rg1 Ne7 15. Bg5 f6
16. Bh6 Nxd5 17. exd5 Qe7 18. Rxg6 Bf5 19. Rg1 Kh7 20. Bxg7 Nxg7 21. Ng3 Bg6 22.
h5 Bf7 23. Bd3+ Kh8 24. Qh6+ Kg8 25. Qh7#  1-0

[Event "1. OEsterreichische Internet Schach Meisterschaft - Vorrunde 3"]
[Site "Online - Playchess.com"]
[Date ""]
[Round "8"]
[Board "66"]
[White "Fugger, Christian"]
[Black "Kainz, Josef"]
[Result "0-1"]
[WhiteElo "1807"]
[BlackElo "2005"]
[PlyCount "98"]
[EventDate "2020.04.17"]
[EventRounds "9"]
[EventCountry "AUT"]

1. d4 Nf6 2. c4 g6 3. Nc3 d5 4. Nf3 Bg7 5. Qb3 e6 6. Bg5 c6 7. e3 O-O 8. Bd3 dxc4
9. Bxc4 Nbd7 10. a4 a5 11. Ne5 Nb6 12. Bd3 Qc7 13. Rc1 Nfd5 14. Nf3 Nb4 15. Bb1 N6d5
16. Nxd5 exd5 17. Bf4 Qe7 18. O-O Bg4 19. Ne5 Be6 20. Nd3 Bf5 21. Nxb4 Bxb1 22. Nxc6
bxc6 23. Rxb1 g5 24. Bg3 h5 25. h3 h4 26. Bh2 Qb4 27. Qxb4 axb4 28. b3 Rac8 29. Rbc1
f5 30. Rc5 Rf6 31. Be5 Rf7 32. Bxg7 Kxg7 33. Rfc1 Rfc7 34. Kf1 Kf6 35. Ke2 Ke6 36.
Kd3 f4 37. e4 g4 38. exd5+ Kd6 39. hxg4 cxd5 40. Rxc7 Rxc7 41. Rc6+ Rxc6 42. a5 Rc3+
43. Ke2 Rxb3 44. f3 Ra3 45. Kf2 b3 46. Kg1 b2 47. Kh2 b1=Q 48. a6 Ra1 49. a7 Qh1#
 0-1

[Event "1. OEsterreichische Internet Schach Meisterschaft - Vorrunde 3"]
[Site "Online - Playchess.com"]
[Date ""]
[Round "8"]
[Board "67"]
[White "Rosol, Alexander"]
[Black "Wurzer, Gerhard"]
[Result "1-0"]
[WhiteElo "1933"]
[BlackElo "1889"]
[PlyCount "69"]
[EventDate "2020.04.17"]
[EventRounds "9"]
[EventCountry "AUT"]

1. e4 c6 2. d4 d6 3. Nf3 Qc7 4. Bc4 e6 5. O-O Nf6 6. Nc3 e5 7. dxe5 dxe5 8. Bg5 Be7
9. Qe2 Nbd7 10. Rad1 O-O 11. a4 Re8 12. h3 Nf8 13. Bxf6 Bxf6 14. Rd3 Be6 15. Bxe6
Nxe6 16. Rfd1 Nf4 17. Qe3 Nxd3 18. cxd3 Red8 19. Ng5 Rd7 20. Qg3 Rad8 21. Qh4 Bxg5
22. Qxg5 Rxd3 23. Rxd3 Rxd3 24. Ne2 Qd6 25. Ng3 Qf6 26. Qg4 Rd8 27. h4 Qg6 28. Qf3
f6 29. Nf5 Qf7 30. h5 g6 31. Nh6+ Kg7 32. Nxf7 Kxf7 33. hxg6+ hxg6 34. Qb3+ Ke7 35.
Qxb7+  1-0

[Event "1. OEsterreichische Internet Schach Meisterschaft - Vorrunde 3"]
[Site "Online - Playchess.com"]
[Date ""]
[Round "8"]
[Board "68"]
[White "Soelkner, Julian"]
[Black "Tauber, Andreas"]
[Result "1-0"]
[WhiteElo "1484"]
[BlackElo "1972"]
[PlyCount "107"]
[EventDate "2020.04.17"]
[EventRounds "9"]
[EventCountry "AUT"]

1. d4 Nf6 2. c4 e6 3. Nc3 c5 4. Nf3 cxd4 5. Nxd4 Nc6 6. e3 Bb4 7. Bd2 O-O 8. a3 Be7
9. Bd3 e5 10. Nf5 d5 11. Nxe7+ Nxe7 12. Qc2 d4 13. Ne4 Nxe4 14. Bxe4 f5 15. Bf3 e4
16. Bd1 d3 17. Qc3 Ng6 18. b4 Qg5 19. g3 Be6 20. Bb3 Rac8 21. h4 Qe7 22. Bc1 Rfd8
23. Kd2 Bf7 24. Bb2 Be8 25. h5 Nf8 26. h6 Ne6 27. hxg7 Ng5 28. c5+ Bf7 29. Bd1 b6
30. Qf6 Qxf6 31. Bxf6 Ne6 32. Bxd8 Rxd8 33. Bb3 Ng5 34. Bd1 Kxg7 35. cxb6 axb6 36.
Rc1 Ra8 37. Rc3 Ne6 38. f4 Ra7 39. Bb3 Rxa3 40. Bxe6 Rxc3 41. Kxc3 Bxe6 42. Rd1 Kg6
43. Kd4 Bg8 44. Ke5 Bf7 45. g4 Bb3 46. gxf5+ Kf7 47. Rd2 h5 48. Kxe4 h4 49. Kxd3
Ba4 50. Kc3 Be8 51. Rh2 Kf6 52. Rxh4 Kxf5 53. Rh6 Bc6 54. Rxc6  1-0

[Event "1. OEsterreichische Internet Schach Meisterschaft - Vorrunde 3"]
[Site "Online - Playchess.com"]
[Date ""]
[Round "8"]
[Board "69"]
[White "Borrmann, Laurenz"]
[Black "Horvath, Maria"]
[Result "1-0"]
[WhiteElo "1880"]
[BlackElo "1995"]
[PlyCount "81"]
[EventDate "2020.04.17"]
[EventRounds "9"]
[EventCountry "AUT"]

1. e4 c5 2. Nf3 Nc6 3. Bb5 g6 4. O-O Bg7 5. Bxc6 dxc6 6. d3 e5 7. Nc3 Ne7 8. Be3
b6 9. a3 O-O 10. b4 cxb4 11. axb4 Bb7 12. Qe2 Qc7 13. Ra2 a6 14. Rfa1 Rad8 15. h3
f5 16. Bg5 Rd7 17. Re1 h6 18. Bxe7 Rxe7 19. Nh4 Kh7 20. Qf3 f4 21. Qg4 Rf6 22. Ne2
Bc8 23. Qf3 g5 24. Nf5 Bxf5 25. exf5 Rxf5 26. Qe4 Qd7 27. g4 fxg3 28. Nxg3 Ref7 29.
Rxa6 Kg8 30. Nxf5 Rxf5 31. Ra8+ Bf8 32. Re2 Kg7 33. Qg4 Qf7 34. d4 Bxb4 35. dxe5
Bc5 36. e6 Qf6 37. Ra7+ Kg6 38. Rf7 Bxf2+ 39. Rxf2 Qa1+ 40. Kg2 Rxf2+ 41. Rxf2  1-0

[Event "1. OEsterreichische Internet Schach Meisterschaft - Vorrunde 3"]
[Site "Online - Playchess.com"]
[Date ""]
[Round "8"]
[Board "70"]
[White "Leitgeber, Christian"]
[Black "Stolzlechner, Andreas"]
[Result "0-1"]
[WhiteElo "1904"]
[BlackElo "1883"]
[PlyCount "88"]
[EventDate "2020.04.17"]
[EventRounds "9"]
[EventCountry "AUT"]

1. e4 e5 2. Nf3 Nc6 3. Bb5 Nf6 4. O-O Nxe4 5. d4 Nd6 6. Bxc6 dxc6 7. dxe5 Nf5 8.
Qe2 Nd4 9. Nxd4 Qxd4 10. Rd1 Bg4 11. Rxd4 Bxe2 12. Re4 Bh5 13. Nc3 Bg6 14. Re2 Bb4
15. Nd1 O-O-O 16. Be3 Rd5 17. a3 Rhd8 18. f4 Rxd1+ 19. Rxd1 Rxd1+ 20. Kf2 Ba5 21.
g4 Be4 22. c4 Bd3 23. b4 Bxe2 24. Kxe2 Ra1 25. bxa5 Rxa3 26. f5 Rxa5 27. Bd4 Ra2+
28. Ke3 Rxh2 29. e6 fxe6 30. fxe6 g6 31. Bf6 a5 32. Be5 a4 33. Bxh2 a3 34. Be5 a2
35. Ba1 b5 36. cxb5 cxb5 37. Kd4 Kd8 38. Kc5 Ke7 39. Kxb5 Kxe6 40. Kb4 h5 41. gxh5
gxh5 42. Ka3 h4 43. Kxa2 h3 44. Bd4 h2  0-1

[Event "1. OEsterreichische Internet Schach Meisterschaft - Vorrunde 3"]
[Site "Online - Playchess.com"]
[Date ""]
[Round "8"]
[Board "71"]
[White "Grosse, Manfred"]
[Black "Ploeckinger, Paul"]
[Result "1-0"]
[WhiteElo "1860"]
[BlackElo "1334"]
[PlyCount "67"]
[EventDate "2020.04.17"]
[EventRounds "9"]
[EventCountry "AUT"]

1. e4 Nc6 2. d4 d5 3. e5 f6 4. f4 Bf5 5. Nf3 fxe5 6. fxe5 e6 7. Bb5 Nge7 8. O-O a6
9. Ba4 b5 10. Bb3 Na5 11. c3 Nxb3 12. axb3 Ng6 13. Na3 c5 14. Nc2 cxd4 15. Ncxd4
Bc5 16. Be3 Qc8 17. Nxf5 exf5 18. Bxc5 Qxc5+ 19. Nd4 O-O 20. Qe2 b4 21. Rac1 Rae8
22. Qxa6 Nxe5 23. Kh1 bxc3 24. bxc3 Nd7 25. Ne6 Qb6 26. Qxb6 Nxb6 27. Nxf8 Rxf8 28.
Rcd1 g6 29. Rfe1 Kf7 30. Kg1 Kf6 31. Kf2 Rc8 32. Rd3 Kg5 33. Re6 Nd7 34. Rd6  1-0

[Event "1. OEsterreichische Internet Schach Meisterschaft - Vorrunde 3"]
[Site "Online - Playchess.com"]
[Date ""]
[Round "8"]
[Board "72"]
[White "Ardelt, Hannes"]
[Black "Pilshofer, Paul"]
[Result "0-1"]
[WhiteElo "1732"]
[BlackElo "1715"]
[PlyCount "158"]
[EventDate "2020.04.17"]
[EventRounds "9"]
[EventCountry "AUT"]

1. b4 e5 2. Bb2 d6 3. b5 f5 4. e3 Nf6 5. Nf3 Be7 6. Be2 Nbd7 7. O-O O-O 8. c4 b6
9. d3 Bb7 10. Nc3 e4 11. dxe4 Nxe4 12. Nxe4 fxe4 13. Nd4 Nc5 14. Ba3 Qd7 15. Qc2
Bf6 16. Rad1 Be5 17. Bxc5 bxc5 18. Nb3 Qe6 19. a4 Qh6 20. g3 Bc8 21. Qxe4 Bf5 22.
Qd5+ Kh8 23. Bf3 Bc2 24. Na5 Bxd1 25. Rxd1 Rae8 26. Bg2 Qf6 27. Rf1 Qe6 28. Qc6 Bc3
29. Qxc7 Rf7 30. Bd5 Rxc7 31. Bxe6 Bxa5 32. Bd5 Bb6 33. Ra1 Rce7 34. a5 Bc7 35. a6
Bb6 36. Rd1 g6 37. Bc6 Rd8 38. Bd5 Kg7 39. Kg2 Kf6 40. Kg1 Re5 41. Kg2 Rde8 42. Kg1
R8e7 43. Kg2 Ba5 44. Kg1 g5 45. Kg2 Bc3 46. Kg1 h5 47. Kg2 h4 48. Kg1 hxg3 49. hxg3
Rh7 50. Kg2 g4 51. Rc1 Bb4 52. Rb1 Reh5 53. Rb2 Ke5 54. Kf1 Rh1+ 55. Ke2 Rc1 56.
Bg2 Rxc4 57. Bf1 Rc3 58. Kd1 Rd7 59. b6 axb6 60. Ra2 Ra7 61. Rb2 Ra3 62. Ke2 R3xa6
63. Kd1 Ra1+ 64. Ke2 R1a2 65. Rxa2 Rxa2+ 66. Kd3 Rxf2 67. Be2 Rg2 68. Bxg4 Rxg3 69.
Be2 d5 70. Kc2 Rxe3 71. Bd3 Rxd3 72. Kxd3 c4+ 73. Kc2 Kd4 74. Kb2 Ba3+ 75. Ka2 Kc3
76. Kb1 d4 77. Ka2 d3 78. Kb1 d2 79. Ka2 d1=Q  0-1

[Event "1. OEsterreichische Internet Schach Meisterschaft - Vorrunde 3"]
[Site "Online - Playchess.com"]
[Date ""]
[Round "8"]
[Board "73"]
[White "Krassnitzer, Julia"]
[Black "Rosol, Philip"]
[Result "0-1"]
[WhiteElo "1803"]
[BlackElo "1468"]
[PlyCount "54"]
[EventDate "2020.04.17"]
[EventRounds "9"]
[EventCountry "AUT"]

1. e4 d6 2. Nf3 Nf6 3. Nc3 e5 4. d4 Nbd7 5. dxe5 dxe5 6. Bb5 c6 7. Bc4 Be7 8. O-O
Qc7 9. Be3 h6 10. Qe2 Nf8 11. h3 g5 12. Nd2 Ng6 13. Nb3 Nf4 14. Bxf4 gxf4 15. f3
Rg8 16. Kh1 Nh5 17. Kh2 Ng3 18. Qd2 Nxf1+ 19. Rxf1 Be6 20. Rd1 Bxc4 21. Na4 Bxb3
22. axb3 b5 23. Nc3 Rd8 24. Qe2 Rxd1 25. Qxd1 Qd7 26. Qa1 Qd2 27. Qxa7 Qxg2#  0-1

[Event "1. OEsterreichische Internet Schach Meisterschaft - Vorrunde 3"]
[Site "Online - Playchess.com"]
[Date ""]
[Round "8"]
[Board "74"]
[White "Schein, Leopold"]
[Black "Schneider-Zinner, Werner"]
[Result "0-1"]
[WhiteElo "1584"]
[BlackElo "1967"]
[PlyCount "130"]
[EventDate "2020.04.17"]
[EventRounds "9"]
[EventCountry "AUT"]

1. e4 e5 2. Nf3 Nf6 3. Nc3 Nc6 4. g3 d5 5. exd5 Nxd5 6. Bg2 Nd4 7. O-O Nxf3+ 8. Bxf3
Nxc3 9. dxc3 Bd6 10. Qe2 O-O 11. Be3 Re8 12. Rad1 Qe7 13. Qb5 c6 14. Qb3 Be6 15.
Qa4 Bh3 16. Rfe1 Rad8 17. Qxa7 Ra8 18. Qb6 Rxa2 19. Ra1 Rxa1 20. Rxa1 e4 21. Bg2
Bxg2 22. Kxg2 h5 23. Ra7 Qf6 24. Qxb7 Qf3+ 25. Kg1 h4 26. Qa6 h3 27. Qf1 Qg4 28.
Ra5 Rb8 29. Rg5 Qe6 30. b3 Ra8 31. Rh5 Ra2 32. Qxh3 Qxh3 33. Rxh3 Rxc2 34. Bd4 Rb2
35. b4 f5 36. Rh5 g6 37. Rg5 Kf7 38. Bc5 Be5 39. Bd4 Bxd4 40. cxd4 Rxb4 41. h4 Rxd4
42. h5 gxh5 43. Rxh5 Ke6 44. Rh6+ Kd5 45. Rf6 c5 46. Rxf5+ Kc4 47. Kf1 Kb4 48. Ke2
c4 49. Ke3 Rd3+ 50. Kxe4 Rd2 51. Rf8 c3 52. Ke3 Rd7 53. Rc8 Kb3 54. f4 c2 55. f5
Kb2 56. f6 Rf7 57. Rxc2+ Kxc2 58. g4 Rxf6 59. Ke4 Kc3 60. Ke5 Rf1 61. g5 Re1+ 62.
Kf6 Kd4 63. g6 Rf1+ 64. Kg7 Ke5 65. Kh6 Kf6  0-1

[Event "1. OEsterreichische Internet Schach Meisterschaft - Vorrunde 3"]
[Site "Online - Playchess.com"]
[Date ""]
[Round "8"]
[Board "75"]
[White "Wimmer, Norbert"]
[Black "Enne, Harald"]
[Result "1/2-1/2"]
[WhiteElo "1973"]
[BlackElo "1916"]
[PlyCount "105"]
[EventDate "2020.04.17"]
[EventRounds "9"]
[EventCountry "AUT"]

1. d4 d5 2. Nf3 e6 3. g3 Nf6 4. Bg2 c6 5. c4 Nbd7 6. O-O Ne4 7. Nbd2 Ndf6 8. Ne5
Nxd2 9. Bxd2 Be7 10. Qc2 O-O 11. e3 Bd7 12. a3 Rc8 13. b4 a6 14. f4 Be8 15. a4 Nd7
16. c5 f6 17. Nf3 Bg6 18. Qb3 Be4 19. b5 axb5 20. axb5 Ra8 21. Rfc1 h5 22. Nh4 Bxg2
23. Kxg2 Kh7 24. Qd3+ f5 25. Qe2 g6 26. Nf3 Bf6 27. h4 Qc7 28. b6 Qd8 29. Bc3 Qe7
30. Ng5+ Bxg5 31. hxg5 Rfb8 32. Rh1 Kg7 33. Qb2 Qf8 34. Rh4 Qd8 35. Rah1 Qe7 36.
Qe2 Rh8 37. Ra1 Rxa1 38. Bxa1 Ra8 39. Bc3 Qd8 40. Rh1 Ra6 41. Qb2 Qa8 42. Ra1 Nb8
43. Kf2 Rxa1 44. Qxa1 Qxa1 45. Bxa1 Na6 46. Bc3 Nb8 47. Kg2 Nd7 48. Kf2 Nb8 49. Ke2
Na6 50. Kd3 Nb8 51. Ke2 Nd7 52. Kf3 Nb8 53. Ke2  1/2-1/2

[Event "1. OEsterreichische Internet Schach Meisterschaft - Vorrunde 3"]
[Site "Online - Playchess.com"]
[Date ""]
[Round "8"]
[Board "76"]
[White "Tischler, Michel"]
[Black "Stolzlechner, Thomas"]
[Result "0-1"]
[WhiteElo "1517"]
[BlackElo "2037"]
[PlyCount "120"]
[EventDate "2020.04.17"]
[EventRounds "9"]
[EventCountry "AUT"]

1. e4 e5 2. Nf3 Nc6 3. Bb5 a6 4. Ba4 Nf6 5. O-O Be7 6. d3 b5 7. Bb3 h6 8. Nc3 O-O
9. a3 d6 10. h3 Na5 11. Ba2 c5 12. Nd5 Nxd5 13. Bxd5 Bb7 14. Ba2 Nc6 15. c3 Re8 16.
Nh2 Bf8 17. f4 Qc7 18. Qg4 exf4 19. Bxf4 Ne5 20. Bxe5 dxe5 21. Rxf7 Qxf7 22. Bxf7+
Kxf7 23. Rf1+ Kg8 24. Qg6 Rad8 25. Ng4 Kh8 26. Rf7 Rd6 27. Qf5 Rdd8 28. Nxh6 Bc8
29. Qh5 Re6 30. Nf5+ Kg8 31. Ra7 Rf6 32. Qg4 Bxf5 33. exf5 Rxd3 34. Qe4 Rd1+ 35.
Kh2 Rf1 36. g4 Rf2+ 37. Kg3 Rf4 38. Qd5+ Kh7 39. Qxe5 Rf1 40. Kh4 Rh6+ 41. Kg3 Bd6
42. Qxd6 Rxd6 43. Kg2 Rb1 44. Kg3 Rxb2 45. c4 Rb3+ 46. Kh4 bxc4 47. a4 Rb4 48. a5
c3 49. Rc7 c4 50. Re7 c2 51. Re1 Rb1 52. Re2 c1=Q 53. g5 Qf4+ 54. Kh5 Qf3+ 55. Kh4
Qxe2 56. g6+ Kh6 57. f6 Rd4+ 58. Kg3 Qe3+ 59. Kg2 Rb2+ 60. Kf1 Rd1#  0-1

[Event "1. OEsterreichische Internet Schach Meisterschaft - Vorrunde 3"]
[Site "Online - Playchess.com"]
[Date ""]
[Round "8"]
[Board "77"]
[White "Gallob, Marko"]
[Black "Andreatta, Ralph"]
[Result "0-1"]
[WhiteElo "1961"]
[BlackElo "1623"]
[PlyCount "66"]
[EventDate "2020.04.17"]
[EventRounds "9"]
[EventCountry "AUT"]

1. e4 c5 2. Nf3 d6 3. d4 cxd4 4. Nxd4 a6 5. Nc3 Nf6 6. Bg5 Nbd7 7. Bc4 e6 8. O-O
Qa5 9. Bh4 g6 10. Bg3 Qc5 11. Bb3 Bg7 12. Nf3 e5 13. Bxf7+ Kxf7 14. Ng5+ Ke7 15.
Kh1 h6 16. f4 hxg5 17. fxg5 Nh5 18. Nd5+ Kd8 19. Bf2 Qb5 20. a4 Qc4 21. Nb6 Qxe4
22. Nxd7 Kxd7 23. Re1 Qf5 24. c4 Qxf2 25. Qg4+ Kc7 26. Qf3 Qxf3 27. gxf3 Ng3+ 28.
Kg2 Nf5 29. f4 Nd4 30. fxe5 Bxe5 31. Re4 Rxh2+ 32. Kg1 Bf5 33. Rh4 Rxh4  0-1

[Event "1. OEsterreichische Internet Schach Meisterschaft - Vorrunde 3"]
[Site "Online - Playchess.com"]
[Date ""]
[Round "8"]
[Board "78"]
[White "Kwech, Gregor"]
[Black "Schwarz, Benedikt"]
[Result "0-1"]
[WhiteElo "1064"]
[BlackElo "1815"]
[PlyCount "48"]
[EventDate "2020.04.17"]
[EventRounds "9"]
[EventCountry "AUT"]

1. c4 f5 2. Nc3 Nf6 3. d3 g6 4. Bg5 Bg7 5. g3 O-O 6. Bg2 d6 7. Nf3 e5 8. O-O Nc6
9. Rc1 h6 10. Bxf6 Bxf6 11. a3 Qe7 12. e3 Qg7 13. Ne2 g5 14. h3 f4 15. exf4 gxf4
16. gxf4 Bxh3 17. Ne1 exf4 18. Nxf4 Bg4 19. f3 Bd7 20. b4 Be5 21. Nh5 Qg5 22. Rc2
Qxh5 23. Rc1 Bg3 24. d4 Qh2#  0-1

[Event "1. OEsterreichische Internet Schach Meisterschaft - Vorrunde 3"]
[Site "Online - Playchess.com"]
[Date ""]
[Round "8"]
[Board "79"]
[White "Moerwald, Magdalena"]
[Black "Pristernik, Arnold"]
[Result "1-0"]
[WhiteElo "1791"]
[BlackElo "1551"]
[PlyCount "81"]
[EventDate "2020.04.17"]
[EventRounds "9"]
[EventCountry "AUT"]

1. e4 e6 2. d4 d5 3. Bd3 dxe4 4. Bxe4 Nf6 5. Bf3 Bd6 6. Ne2 O-O 7. Bg5 Be7 8. c3
h6 9. Bf4 c6 10. O-O Nbd7 11. Nd2 Nb6 12. Ng3 Nbd5 13. Be3 Qc7 14. Nde4 Nxe4 15.
Nxe4 Bd6 16. Nxd6 Qxd6 17. Bxd5 cxd5 18. Qg4 Kh7 19. Bf4 e5 20. dxe5 Bxg4 21. exd6
Rad8 22. f3 Be6 23. Rfd1 g5 24. Bg3 f5 25. Be5 f4 26. Re1 Rf5 27. Rad1 Kg6 28. Bd4
Rxd6 29. Bxa7 d4 30. Bxd4 Bxa2 31. Re7 Bb3 32. Rde1 Rf7 33. R7e5 Rd5 34. Re6+ Kh7
35. Re7 Rd7 36. Re8 b5 37. R1e5 b4 38. Rb5 bxc3 39. bxc3 Bc4 40. Rb6 Ra7 41. Rh8#
 1-0

[Event "1. OEsterreichische Internet Schach Meisterschaft - Vorrunde 3"]
[Site "Online - Playchess.com"]
[Date ""]
[Round "8"]
[Board "80"]
[White "Heinemann, Stephan"]
[Black "Lammer, Michael"]
[Result "1-0"]
[WhiteElo "1664"]
[BlackElo "1501"]
[PlyCount "129"]
[EventDate "2020.04.17"]
[EventRounds "9"]
[EventCountry "AUT"]

1. e4 e5 2. Nf3 d6 3. d4 exd4 4. Nxd4 Nc6 5. Nxc6 bxc6 6. Nc3 Nf6 7. Bg5 Be7 8. Be2
O-O 9. O-O h6 10. Bh4 Qd7 11. Qd3 a5 12. Rad1 Ba6 13. Qe3 Ng4 14. Qg3 Bxh4 15. Qxh4
Bxe2 16. Nxe2 g5 17. Qh3 f5 18. e5 Nxe5 19. Qxh6 Rf7 20. Qxg5+ Rg7 21. Qf4 Rf8 22.
Ng3 Rf6 23. Rfe1 Rg4 24. Qxe5 dxe5 25. Rxd7 f4 26. Ne4 Rfg6 27. g3 fxg3 28. fxg3
Rh6 29. Nf2 Rc4 30. Rxe5 Kf8 31. c3 a4 32. Rxc7 a3 33. b3 Rxc3 34. Re2 Rc1+ 35. Kg2
c5 36. Rd2 Ke8 37. Nd3 Rc3 38. Rxc5 Rxc5 39. Nxc5 Rc6 40. Nd3 Rc3 41. h4 Ke7 42.
g4 Kf6 43. Kf3 Kg6 44. Ke4 Kf6 45. Rf2+ Ke6 46. Nf4+ Kd7 47. h5 Rc6 48. Kf5 Rc5+
49. Kg6 Rc6+ 50. Kf7 Rc3 51. g5 Rg3 52. g6 Rg5 53. h6 Rf5+ 54. Kg7 Ke7 55. h7 Kd6
56. h8=Q Ke5 57. Nd3+ Ke6 58. Kh6 Rxf2 59. Nxf2 Kd5 60. g7 Kd4 61. g8=Q+ Ke3 62.
Qe8+ Kxf2 63. Qf6+ Kg2 64. Qeg6+ Kh2 65. Qh4#  1-0

[Event "1. OEsterreichische Internet Schach Meisterschaft - Vorrunde 3"]
[Site "Online - Playchess.com"]
[Date ""]
[Round "8"]
[Board "81"]
[White "Pasteiner, Gernot"]
[Black "Schwabeneder, Alois"]
[Result "0-1"]
[WhiteElo "1632"]
[BlackElo "2004"]
[PlyCount "72"]
[EventDate "2020.04.17"]
[EventRounds "9"]
[EventCountry "AUT"]

1. e4 d5 2. d4 dxe4 3. f3 e5 4. fxe4 Qxd4 5. Qxd4 exd4 6. Nf3 c5 7. Bc4 Nc6 8. O-O
f6 9. Bf4 Nge7 10. a3 Ng6 11. Bg3 Bg4 12. Nbd2 O-O-O 13. Nb3 Bxf3 14. Rxf3 Nge5 15.
Bxe5 Nxe5 16. Be6+ Kc7 17. Rff1 a6 18. Nd2 b5 19. b3 Kd6 20. Bd5 Be7 21. Rac1 Rb8
22. c3 Nd3 23. Ra1 dxc3 24. Nf3 Kc7 25. Rad1 Ne5 26. Nxe5 fxe5 27. Rc1 b4 28. axb4
cxb4 29. Rf7 Rbe8 30. Rxg7 Kb6 31. Rf1 Rhf8 32. Rxf8 Bxf8 33. Rf7 Bc5+ 34. Kh1 Rf8
35. Rb7+ Ka5 36. Bc4 c2  0-1

[Event "1. OEsterreichische Internet Schach Meisterschaft - Vorrunde 3"]
[Site "Online - Playchess.com"]
[Date ""]
[Round "8"]
[Board "82"]
[White "Kosc, Renata"]
[Black "Schein, Alexander"]
[Result "0-1"]
[WhiteElo "1988"]
[BlackElo "1631"]
[PlyCount "88"]
[EventDate "2020.04.17"]
[EventRounds "9"]
[EventCountry "AUT"]

1. e4 d5 2. exd5 Nf6 3. d4 Nxd5 4. Nf3 Bg4 5. Be2 e6 6. h3 Bh5 7. O-O Nc6 8. c4 Nf6
9. Be3 Be7 10. Nc3 O-O 11. Qd2 Bb4 12. g4 Bg6 13. Qc1 Ne4 14. Nxe4 Bxe4 15. a3 Be7
16. b4 Bf6 17. Rd1 a6 18. Ng5 Bg6 19. Nf3 Qe7 20. Ra2 Rfd8 21. Rad2 Bg5 22. Bxg5
f6 23. Be3 Be4 24. Nh2 a5 25. b5 Na7 26. Bd3 f5 27. Bxe4 fxe4 28. f3 Qh4 29. Bf2
Qxh3 30. fxe4 Rf8 31. Rd3 Qh6 32. Qxh6 gxh6 33. Kg2 Rf4 34. Re3 Raf8 35. Bg3 R4f7
36. Nf3 c6 37. Ne5 Re7 38. bxc6 Nxc6 39. Nxc6 bxc6 40. Rf1 Rb7 41. Rxf8+ Kxf8 42.
Bd6+ Kg7 43. c5 Rb2+ 44. Kg3 Rd2  0-1

[Event "1. OEsterreichische Internet Schach Meisterschaft - Vorrunde 3"]
[Site "Online - Playchess.com"]
[Date ""]
[Round "8"]
[Board "83"]
[White "Hofer, Martin"]
[Black "Neubauer, Anton"]
[Result "0-1"]
[WhiteElo "1603"]
[BlackElo "1879"]
[PlyCount "44"]
[EventDate "2020.04.17"]
[EventRounds "9"]
[EventCountry "AUT"]

1. e4 e6 2. d4 d5 3. exd5 exd5 4. Nf3 Be7 5. Be2 Nf6 6. O-O O-O 7. h3 h6 8. Nc3 Be6
9. Bf4 c5 10. Nb5 Na6 11. c3 c4 12. b3 Qd7 13. bxc4 dxc4 14. Rb1 Nd5 15. Ne5 Qe8
16. Bh2 Rc8 17. Qa4 Bd7 18. Nxd7 Qxd7 19. Bg4 f5 20. Bf3 Nac7 21. Bxd5+ Nxd5 22.
Qxa7 Ra8  0-1